00384 2200157 4500245005600000020002200056250001100078100001500089650001800104005001900122260001900141041001400160084001100174300002400185336001700209 aPotret Penegakan HAM di IndonesiacA. HandoyohText a978-979-043-172-0 aCet. 1 aA. Handoyo aPenegakan HAM a20230306090537 bPT Percac2012 aIndonesia a341.48 av, 76 hlm. :cilus. atactile text